[Event "2nd Stars Cup 2017"]
[Site "Anzali"]
[Date "2017.07.12"]
[Round "1"]
[White "Jobava, Baadur"]
[Black "Maghsoodloo, Parham"]
[Result "0-1"]
[WhiteElo "2714"]
[BlackElo "2584"]
[Annotator "TA"]
[PlyCount "73"]
[EventDate "2017.??.??"]
[EventType "schev"]
[EventCountry "IRI"]
[SourceTitle "playchess.com"]
[Source "ChessBase"]
[SourceQuality "1"]

{[%evp 23,73,0,0,0,0,0,8,-34,-16,-41,-4,-39,-27,-36,-31,-52,-20,-51,-13,-12,-22,-67,-58,-118,-82,-99,-102,-97,-82,-97,-100,-83,-47,-87,-49,-30,-32,-138,-52,-95,-86,-100,-82,-94,-103,-100,-113,-96,-76,-91,-88,-188]} 1. d4 Nf6 2. c4 g6 3. Nc3 d5 4. cxd5 Nxd5 5. g3 Bg7 6. Bg2 Nb6 7. Nf3 O-O 8. O-O Nc6 {[%cal Bb8c6,Bc6a5,Ba5c4][%mdl 32]} 9. e3 Re8 10. d5 Na5 11. Nd4 Bd7 12. b4 Nac4 {LiveBook: 23 Games. D76: Fianchetto Grünfeld: Main Line with 7...Nb6} 13. Qc2 Qc8 14. Rd1 Bh3 {The position is equal.} 15. Bh1 {[#]} a5 $146 ({Predecessor:} 15... Bg4 16. Nce2 e5 17. dxe6 Bxe6 18. a4 a5 19. Rb1 Bd7 20. b5 {½-½ (40) Jobava,B (2668)-Ivanchuk,V (2720) Reykjavik 2015}) 16. b5 Bg4 17. Nce2 e5 18. dxe6 $1 fxe6 19. Rb1 e5 $36 {[%mdl 2048] Black is more active.} 20. Nb3 Bf5 21. e4 Bg4 22. Rd3 a4 23. Na1 (23. f3 $1 $15) 23... Bf8 24. Nc3 Bc5 {aiming for ...Rf8.} 25. Nd5 {[#] Nxb6 is the strong threat.} Rf8 $1 26. Be3 ({Wrong is} 26. Nxb6 $2 cxb6 27. Be3 (27. Qxc4+ $2 Be6 $19) 27... Na3 $19) 26... Nxe3 27. fxe3 {[#]} Nxd5 $1 ({Much worse is} 27... Nd7 $6 28. Rc3 $11) 28. Qxc5 Nb6 29. Qxe5 Rf7 {Threatens to win with ...Be2.} 30. Nc2 ({White should try} 30. Bg2 $1 $15) 30... Qf8 (30... Be2 $17 31. Rd4 Qf8) 31. Nd4 Bh3 {( -> ...Rf1+). Black is better.} 32. Bg2 Re8 33. Qg5 Bxg2 34. Kxg2 Rxe4 35. Rc1 Qd6 {White must now prevent ...Re5.} 36. Kg1 Nd5 {Strongly threatening ...Nxe3!} 37. Rcd1 {Precision: White = 47%, Black = 67%.} (37. Ne6 $17 {is the only way for White.}) 0-1

[Event "2nd Stars Cup 2017"]
[Site "Anzali"]
[Date "2017.07.12"]
[Round "1"]
[White "Van Wely, Loek"]
[Black "Idani, Pouya"]
[Result "1-0"]
[WhiteElo "2675"]
[BlackElo "2578"]
[Annotator "TA"]
[PlyCount "76"]
[EventDate "2017.??.??"]
[EventType "schev"]
[EventCountry "IRI"]
[SourceTitle "playchess.com"]
[Source "ChessBase"]
[SourceQuality "1"]

{[%evp 13,76,14,20,-7,29,30,34,29,31,17,16,-2,9,-14,-4,-4,23,7,39,0,0,-11,157,152,264,268,270,232,296,297,314,290,285,289,287,275,298,317,281,261,344,335,341,320,324,345,327,313,361,357,399,400,398,377,445,443,430,435,470,470,448,414,487,484,1260]} 1. d4 Nf6 2. c4 e6 3. Nc3 Bb4 4. Nf3 b6 5. e3 O-O 6. Bd3 d5 7. O-O Ba6 {LiveBook: 70 Games. E52: Nimzo-Indian: Rubinstein: 4...0-0 5 Nf3 d5 6 Bd3 b6} (7... Bb7 8. cxd5 exd5 9. a3 Bd6 10. b4 a6 11. Ne5 Nc6 12. f4 Ne7 13. Qf3 c5 14. bxc5 bxc5 15. Rb1 Rb8 16. g4 cxd4 17. exd4 Ba8 18. g5 {½-½ (44) Navara,D (2739)-Neiksans,A (2599) Minsk 2017}) 8. Qb3 Nc6 9. Qa4 $146 ({Predecessor:} 9. Rd1 Bxc3 10. Qxc3 dxc4 11. Bxc4 Ne4 12. Qd3 Bxc4 13. Qxc4 Qd5 14. Qxd5 exd5 15. Bd2 {½-½ (69) Pacher,M (2432)-Dragun,K (2558) Cappelle-la-Grande 2015}) 9... Bb7 {White has an edge.} 10. cxd5 exd5 11. Bb5 Qd6 12. Ne5 {[%cal Rb5c6]} Nd8 13. Bd2 {[%cal Bc1d2,Bd2e1,Be1h4,Bh4e7,Be7d6,Bd6e5][%mdl 32]} a6 14. Bd3 $36 {[%mdl 2048] White has some pressure.} Qe7 15. f4 Bd6 16. Qc2 c5 17. Be1 c4 $2 {[#]} (17... cxd4 $1 $11 18. exd4 Ne6) 18. Bf5 $16 g6 (18... Qc7 $16 19. Bh4 Ne4 20. Nxe4 (20. Bxe4 dxe4 21. Bxd8 Raxd8 $16) 20... dxe4 21. Bxe4 Bxe4 22. Qxe4 Rc8) 19. Bh4 $18 Ne6 20. Ng4 Nxg4 21. Bxe7 Nxe3 22. Bxd6 Nxc2 23. Bxc2 Nxd4 24. Ba4 ({Not} 24. Bxf8 Nxc2 25. Rac1 Ne3 $16) 24... Rfc8 25. Be5 Ne6 26. Rad1 b5 27. Bc2 ({Inferior is} 27. Nxd5 Bxd5 28. Rxd5 bxa4 $11) 27... Rd8 28. f5 Nc5 29. Bf6 Rd7 30. Bd4 Ne4 31. fxg6 fxg6 32. Nxe4 dxe4 33. Be3 Rad8 34. Rxd7 Rxd7 35. Bh6 {[%csl Gh6][%cal Rf1f8] [#]} Rf7 36. Rxf7 Kxf7 37. Kf2 Ke6 38. Ke3 Kd5 {Precision: White = 70%, Black = 42%.} (38... Ke5 $142 39. h3 Bc6 40. Bf4+ Kf5 41. Bxe4+ Bxe4 42. g4+ Kf6 43. Kxe4 Ke6) 1-0

[Event "2nd Stars Cup 2017"]
[Site "Anzali"]
[Date "2017.07.12"]
[Round "1"]
[White "Shirov, Alexei"]
[Black "Ghaem Maghami, Ehsan"]
[Result "1-0"]
[WhiteElo "2656"]
[BlackElo "2556"]
[Annotator "TA"]
[PlyCount "95"]
[EventDate "2017.??.??"]
[EventType "schev"]
[EventCountry "IRI"]
[SourceTitle "playchess.com"]
[Source "ChessBase"]
[SourceQuality "1"]

{[%evp 9,95,-8,7,-3,0,-14,-18,-14,35,35,72,69,64,52,42,50,77,75,77,73,79,75,136,140,122,0,0,0,0,0,0,0,53,0,0,0,46,50,43,50,50,50,83,50,50,50,50,50,50,50,53,50,51,54,96,50,306,303,425,430,438,431,416,402,379,417,410,404,369,375,418,419,411,403,366,415,755,737,736,700,1618,1841,4887,3072,6640,6552,6087,5651]} 1. e4 c6 2. d4 d5 3. e5 c5 4. Ne2 Nc6 5. c3 e6 {LiveBook: 36 Games} (5... Bg4 6. h3 Bxe2 7. Bxe2 e6 8. O-O Qb6 9. dxc5 Bxc5 10. b4 Be7 11. Be3 Qc7 12. f4 Nh6 13. Na3 {½-½ (44) Vachier Lagrave,M (2796)-Anand,V (2786) Stavanger 2017}) 6. g3 {B12: Caro-Kann: Advance Variation} Qb6 7. Bh3 Bd7 8. O-O {The position is equal.} a5 $146 ({Predecessor:} 8... h5 9. dxc5 Bxc5 10. b4 Be7 11. Be3 {½-½ (66) Gorodetzky,D (2350)-Dodic,D (2033) Veliko Gradiste 2016}) 9. a4 Nh6 10. Bxh6 gxh6 11. Na3 O-O-O 12. Nb5 Kb8 13. Qd2 cxd4 14. cxd4 Na7 15. Nbc3 Qb4 (15... Be7 $142) 16. Qf4 $16 Qe7 17. Nxd5 (17. Rfe1 $16) 17... exd5 $11 18. e6+ $1 {[%cal Be5e6,Be6d7][%mdl 32]} Ka8 19. exd7 Qxe2 20. Rfe1 Qa6 (20... Qxb2 $2 21. Qf6 $18) ({Black should play} 20... Qh5 $1 $11 21. Qf6 Nc6) 21. Qxf7 (21. Re8 $1 $14 Bb4 22. Rxh8 (22. Qxf7 Qc6 $11) 22... Rxh8 23. Rc1 (23. Qxf7 Qc6 $11)) 21... Bb4 22. Re8 $36 {[%mdl 2048] [#] Threatens to win with Rxh8. White is more active.} ({Don't play} 22. Qxd5 Bxe1 23. Rxe1 Nc6 $17) 22... Qg6 23. Rxh8 Rxh8 24. Qxd5 Nc6 25. Rc1 Qf6 26. Qe6 Qxe6 $1 ({Don't go for} 26... Qxd4 $2 27. Rxc6 Qd1+ 28. Kg2 $18) 27. Bxe6 Rf8 28. d5 {[%mdl 1024] White has compensation.} Nd8 29. f4 Be7 30. Rc8+ Ka7 31. Kg2 b6 32. f5 Bd6 $2 {[%mdl 8192] [#]} (32... b5 $14) 33. Kh3 $1 $18 Kb7 (33... Bc5 {was worth a try.} 34. b3 Bd4) 34. Kg4 b5 35. axb5 a4 36. Rc4 Kb6 37. Rxa4 Kxb5 38. b3 Nb7 39. Kh5 Nc5 40. Rg4 Rd8 41. Rg7 Ne4 42. Kxh6 Bf8 (42... Nf6 $142 43. Rf7 Be5) 43. Kxh7 {White is clearly winning.} Kc5 44. Kg6 Bxg7 45. Kxg7 Kd6 46. f6 {[%cal Bf5f6,Bf6f7][%mdl 32]} Nc5 47. f7 Ke7 48. h4 {Precision: White = 85%, Black = 39%.} 1-0

[Event "2nd Stars Cup 2017"]
[Site "Anzali"]
[Date "2017.07.12"]
[Round "1"]
[White "Bruzon Batista, Lazaro"]
[Black "Tabatabaei, M amin"]
[Result "1/2-1/2"]
[WhiteElo "2653"]
[BlackElo "2509"]
[Annotator "TA"]
[PlyCount "116"]
[EventDate "2017.??.??"]
[EventType "schev"]
[EventCountry "IRI"]
[SourceTitle "playchess.com"]
[Source "ChessBase"]
[SourceQuality "1"]

{[%evp 22,116,0,0,10,15,26,14,11,15,16,12,60,39,45,14,14,14,14,12,21,22,21,25,39,31,31,39,105,53,56,14,14,14,14,0,0,0,31,31,31,31,52,54,83,73,141,138,141,141,141,147,150,136,245,245,251,251,271,214,302,0,333,0,0,0,0,0,0,0,0,0,0,0,0,0,0,0,0,0,0,0,0,0,0,0,0,0,0,0,0,0,0,0,0,0,0]} 1. d4 Nf6 2. c4 g6 3. g3 Bg7 4. Bg2 O-O 5. Nc3 d6 6. Nf3 c5 7. d5 e6 8. dxe6 Bxe6 9. Ng5 Bxc4 10. Bxb7 {E64: King's Indian: Fianchetto: 6...c5 7 d5} Nbd7 11. Qxd6 Rb8 (11... h6 12. Nh3 g5 13. O-O Rb8 14. Bg2 Qa5 15. Qd1 Rfe8 16. Kh1 Bb3 17. axb3 Qxa1 {1-0 (37) Sasikiran,K (2682)-Petrosian,D (2480) Dubai 2011}) 12. Bg2 $1 {LiveBook: 4 Games} Ne5 $146 ({Predecessor:} 12... Re8 13. O-O Bxe2 14. Nxe2 {½-½ (14) Stohl,I (2558)-Pinter,E (2396) Banska Stiavnica 2006}) 13. Qxd8 Rfxd8 14. O-O Nd5 15. Nge4 Nxc3 $1 16. Nxc3 Ba6 17. Bg5 Re8 18. Rab1 h6 19. Bf4 g5 20. Bxe5 Bxe5 21. Rfc1 Bxc3 22. Rxc3 Rxe2 23. Bf1 Re6 24. b3 Rbe8 (24... Rd8 $14) 25. Bxa6 (25. Rxc5 $16 Bb7 26. Rbc1) 25... Rxa6 $16 {[%mdl 4096] Endgame KRR-KRR} 26. Rc2 Ra3 27. Rd1 a5 28. Rd6 Kg7 29. Ra6 (29. Rd7 {is more complex.} a4 30. Rxc5 axb3 31. axb3 Rxb3 32. Rf5) 29... a4 30. Rxa4 Rxa4 31. bxa4 $14 {KR-KR} Re4 32. a5 {[%cal Ba4a5,Ba5a6][%mdl 32]} Ra4 33. Rxc5 Rxa2 (33... Kg6 $142) 34. h3 f6 35. Rc7+ Kg6 {[#]} 36. Ra7 $1 h5 37. a6 {Strongly threatening Ra8.} Ra1+ (37... Kf5 $16 38. Ra8 Ke4) 38. Kg2 $18 g4 {[#]} 39. Ra8 $1 Kg7 40. Kh2 Rf1 (40... Kg6 $142 41. a7 Kf5 42. hxg4+ hxg4) 41. Kg2 Ra1 42. h4 $2 ({Better is} 42. a7 $18) 42... Ra2 $11 {The position is equal.} 43. Kf1 Kh7 44. Ra7+ (44. f3 $5 gxf3 45. Rd8 $11) 44... Kh6 45. Ke1 Kg6 46. Ra8 {Threatens to win with a7.} Kg7 47. a7 {Hoping for Kd1.} (47. Kd1 $5 {[%cal Ra6a7]} Rxf2 48. Rb8 $14) 47... Ra1+ 48. Kd2 Ra2+ 49. Ke3 Ra3+ 50. Kd4 Ra1 51. Kc5 {Kb6 is the strong threat.} (51. f3 $5 {[%cal Rf3g4]} Ra4+ 52. Ke3 Ra3+ 53. Ke2 Ra2+ 54. Ke1 Ra1+ 55. Kf2 Ra2+ 56. Ke3 Ra3+ 57. Kf2 Ra2+ 58. Kf1 gxf3 59. Ke1 $11) 51... Rc1+ 52. Kb6 Rb1+ 53. Kc6 Rc1+ 54. Kd5 Rd1+ 55. Ke4 Ra1 56. f4 {Black must now prevent Kd5.} gxf3 $1 {aiming for ...f2.} 57. Kxf3 {And now Ke4 would win.} Rf1+ 58. Ke4 Re1+ {Precision: White = 64%, Black = 62%.} 1/2-1/2

[Event "2nd Stars Cup 2017"]
[Site "Anzali"]
[Date "2017.07.12"]
[Round "1"]
[White "Pourramezanali, Amirreza"]
[Black "Safarli, Eltaj"]
[Result "1/2-1/2"]
[WhiteElo "2505"]
[BlackElo "2641"]
[Annotator "TA"]
[PlyCount "61"]
[EventDate "2017.??.??"]
[EventType "schev"]
[EventCountry "IRI"]
[SourceTitle "playchess.com"]
[Source "ChessBase"]
[SourceQuality "1"]

{[%evp 25,61,-6,6,0,0,0,0,0,0,0,0,0,0,0,0,0,0,0,0,0,0,0,0,0,0,0,0,0,0,0,0,0,0,0,0,0,0,0]} 1. e4 e5 2. Nf3 Nc6 3. Bc4 Nf6 4. d4 exd4 5. O-O Nxe4 6. Re1 d5 7. Bxd5 Qxd5 8. Nc3 Qh5 9. Nxe4 Be6 10. Bg5 Bd6 11. Nxd6+ cxd6 12. Bf4 Qd5 13. c3 {C56: Two Knights: 4 d4 exd4 5 0-0 Nxe4} Rc8 {LiveBook: 11 Games. The position is equal.} (13... O-O 14. Nxd4 Nxd4 15. Qxd4 Qxd4 16. cxd4 d5 17. Re3 Rfc8 18. Rb3 b6 19. Rg3 f6 20. Re1 Kf7 {1-0 (96) Hector,J (2584)-Grandelius,N (2505) Lund 2010}) 14. b3 {[%cal Rf3d4]} O-O 15. Nxd4 Nxd4 16. Qxd4 Qxd4 17. cxd4 d5 18. Rac1 Rxc1 19. Rxc1 Rc8 20. Rxc8+ $146 ({Predecessor:} 20. Rc5) 20... Bxc8 $11 {[%mdl 4096] Endgame KB-KB} 21. f3 h5 22. Bb8 a6 23. a4 Bf5 24. a5 Kf8 25. Bd6+ Ke8 26. b4 Kd7 27. Bf8 g5 28. Kf2 f6 29. Ke3 Ke6 30. g3 Bb1 31. Bc5 {Precision: White = 77%, Black = 86%.} 1/2-1/2

[Event "2nd Stars Cup 2017"]
[Site "Anzali"]
[Date "2017.07.12"]
[Round "1"]
[White "Firouzja, Alireza"]
[Black "Sokolov, Ivan"]
[Result "0-1"]
[WhiteElo "2499"]
[BlackElo "2626"]
[Annotator "TA"]
[PlyCount "82"]
[EventDate "2017.??.??"]
[EventType "schev"]
[EventCountry "IRI"]
[SourceTitle "playchess.com"]
[Source "ChessBase"]
[SourceQuality "1"]

{[%evp 15,82,16,25,16,27,25,32,30,30,2,16,16,8,16,44,-67,-70,-95,-70,-88,-87,-87,-86,-86,-94,-186,-179,-166,-177,-232,-169,-179,-181,-176,-182,-163,-181,-158,-114,-121,-111,-156,-105,-254,-259,-260,-215,-203,-202,-269,-267,-247,-261,-285,-283,-425,-506,-512,-493,-513,-508,-496,-476,-482,-478,-476,-476,-466,-463]} 1. Nf3 d5 2. g3 c6 3. Bg2 Bg4 4. O-O e6 5. h3 Bh5 6. d4 {A07: Réti Opening: New York and Capablanca Systems} Nf6 7. c4 Be7 8. Nc3 O-O {LiveBook: 4 Games} 9. g4 Bg6 10. Ne5 Nbd7 {[%cal Bb8d7,Bd7b6,Bb6d5][%mdl 32]} 11. Nxg6 hxg6 12. Qd3 Qa5 $146 ({Predecessor:} 12... dxc4 13. Qxc4 {1-0 (67) Harikrishna,P (2758)-Adams,M (2761) Shenzhen 2017}) 13. a3 Qa6 14. b3 Nb6 {[%cal Rd5c4]} 15. e3 (15. c5 $14 Qxd3 16. exd3) 15... dxc4 $15 16. Qe2 Nbd5 17. Nb1 cxb3 18. Qxa6 bxa6 19. Nd2 Rab8 {Strongly threatening ...b2.} 20. Bb2 (20. Rb1 $17) 20... a5 $19 {[%cal Ba6a5,Ba5a4][%mdl 32]} 21. Rfc1 Rfc8 22. Nc4 (22. Rab1 {might work better.}) 22... a4 23. Ne5 c5 24. dxc5 Rxc5 25. Rxc5 Bxc5 26. g5 {[#]} Nxe3 $1 27. fxe3 Bxe3+ 28. Kh1 Bxg5 (28... Nh5 $142 29. Re1 Ng3+ 30. Kh2 Nf5) 29. Nc6 (29. Bc6 $17) 29... Rb5 30. Bd4 Nd5 31. Nxa7 Rb7 32. Rb1 {[#]} Rxa7 $1 {[%mdl 512]} 33. Bxa7 {[#]} Nc3 $1 {[%cal Rc3b1]} 34. Re1 {Black should prevent Bd4.} b2 35. Be4 (35. Bd4 $142 b1=Q 36. Rxb1 Nxb1 37. Bc6) 35... Nxe4 {[%mdl 4096] Endgame KRB-KBN. Black is clearly winning.} 36. Bd4 {[#]} Nf2+ $1 {[%mdl 512]} 37. Kg2 (37. Bxf2 Bc1) 37... Nd3 38. Rb1 {[#]} Bc1 $1 39. Kf3 e5 {[%cal Be6e5,Be5e4][%mdl 32]} 40. Bxb2 Bxb2 ({And not} 40... Nxb2 41. Rxc1 f5 42. Ke3 $14) 41. Ke3 e4 {Precision: White = 54%, Black = 70%.} 0-1

[Event "2nd Stars Cup 2017"]
[Site "Anzali"]
[Date "2017.07.12"]
[Round "1"]
[White "Mosadeghpour, Masoud"]
[Black "Wen, Yang"]
[Result "1/2-1/2"]
[WhiteElo "2469"]
[BlackElo "2617"]
[Annotator "TA"]
[PlyCount "56"]
[EventDate "2017.??.??"]
[EventType "schev"]
[EventCountry "IRI"]
[SourceTitle "playchess.com"]
[Source "ChessBase"]
[SourceQuality "1"]

{[%evp 9,56,0,31,23,27,19,39,33,29,27,34,37,31,17,25,21,32,0,0,4,21,0,16,13,28,22,41,25,19,-35,-14,-12,13,16,17,17,17,13,10,14,13,8,7,12,12,0,0,0,9]} 1. e4 e5 2. Nc3 Nf6 3. Nf3 Nc6 4. Bb5 Bb4 5. Nd5 Be7 (5... Nxd5 {feels hotter.} 6. exd5 e4 7. dxc6 dxc6 8. Bc4 exf3 9. Qxf3 Qe7+) (5... Nxd5 6. exd5 e4 7. dxc6 dxc6 8. Bc4 exf3 9. Qxf3 O-O 10. O-O Qh4 11. Be2 Re8 12. d3 Bd6 13. g3 Qa4 14. c3 Bh3 15. Re1 Bg4 {0-1 (15) Meister,J (2487)-Kurnosov,I (2617) Satka 2008}) 6. O-O {C49: Four Knights: 4 Bb5 Bb4} O-O 7. Nxe7+ Qxe7 8. d3 $146 {White is slightly better.} ({Predecessor:} 8. Re1 Nd8 9. b3 a6 10. Bf1 c5 11. Ba3 d6 12. h3 b6 13. c3 {½-½ (68) Therkildsen,T (2306)-Joie,S (2113) Le Touquet 2009}) 8... a6 9. Bxc6 dxc6 10. h3 Nd7 {[%cal Bf6d7,Bd7c5,Bc5e6][%mdl 32]} 11. d4 exd4 12. Qxd4 Nc5 13. Bf4 (13. Bg5 $5 {[%cal Rg5e7]} f6 14. Bh4 $14) 13... Ne6 14. Qe3 c5 15. Rad1 b6 16. Bg3 Bb7 17. Nh4 Rae8 18. Nf5 Qf6 19. Bh4 (19. c3 $11) 19... g5 20. Bg3 {The position is equal.} Bxe4 (20... Nf4 $5 21. Bxf4 gxf4 22. Qxf4 Bxe4 23. Qg3+ Qg6 $11) 21. Qxe4 Nf4 $1 22. Qb7 {[#] Bxf4 is the strong threat.} Qxf5 23. Qxc7 Re6 24. Bxf4 gxf4 25. Rd6 Qe5 26. Rfd1 $1 Qe2 27. R1d2 (27. R6d3 $5 {[%cal Rc7f4]}) 27... Qe5 $1 28. Rd1 {White wants to play Qxb6.} Qe2 {Precision: White = 62%, Black = 59%.} 1/2-1/2

[Event "2nd Stars Cup 2017"]
[Site "Anzali"]
[Date "2017.07.13"]
[Round "2"]
[White "Bruzon Batista, Lazaro"]
[Black "Pourramezanali, Amirreza"]
[Result "1/2-1/2"]
[WhiteElo "2653"]
[BlackElo "2505"]
[Annotator "RC"]
[PlyCount "79"]
[EventDate "2017.??.??"]
[EventType "schev"]
[EventCountry "IRI"]
[SourceTitle "playchess.com"]
[Source "ChessBase"]
[SourceQuality "1"]
[TimeControl "40/5400+30:1800+30"]

1. e4 {[%emt 0:00:00]} e6 {[%emt 0:00:06]} 2. d4 {[%emt 0:00:00]} d5 {[%emt 0:00:03]} 3. Nd2 {[%emt 0:00:00]} c5 {[%emt 0:00:04]} 4. Ngf3 {[%emt 0:00:26]} cxd4 {[%emt 0:00:08]} 5. exd5 {[%emt 0:00:20]} Qxd5 {[%emt 0:00:06]} 6. Bc4 {[%emt 0:00:05]} Qd7 {[%emt 0:00:05]} 7. O-O {[%emt 0:00:34]} a6 {[%emt 0:00:09]} 8. Nb3 {[%emt 0:00:46]} Nc6 {[%emt 0:00:05]} 9. Nbxd4 {[%emt 0:04:59]} Nxd4 {[%emt 0:00:07]} 10. Nxd4 {[%emt 0:00:05]} Qc7 {[%emt 0:00:07]} 11. Qe2 {[%emt 0:02:36]} Bd6 {[%emt 0:00:09]} 12. h3 Ne7 13. a4 {[%emt 0:17:27]} O-O {[%emt 0:00:28]} 14. Bb3 {[%emt 0:03:08]} Ng6 15. Rd1 {[%emt 0:08:19]} Bd7 {[%emt 0:11:29]} 16. Be3 {[%emt 0:14:56]} Bh2+ {[%emt 0:06:34]} 17. Kh1 {[%emt 0:00:24]} Bf4 {[%emt 0:00:08]} 18. Rd2 {[%emt 0:00:20]} Rad8 {[%emt 0:15:35]} 19. Rad1 {[%emt 0:00:56]} Bc8 {[%emt 0:03:49]} 20. Bxf4 {[%emt 0:13:46]} Nxf4 {[%emt 0:00:27]} 21. Qc4 {[%emt 0:00:10]} Qxc4 {[%emt 0:02:52]} 22. Bxc4 {[%emt 0:00:03]} Rfe8 {[%emt 0:04:31]} 23. b4 {[%emt 0:06:48]} Rd7 {[%emt 0:17:29]} 24. Nb3 {[%emt 0:13:03]} Red8 {[%emt 0:01:16]} 25. Rxd7 {[%emt 0:00:58]} Rxd7 {[%emt 0:00:01]} 26. Re1 {[%emt 0:05:01]} b6 {[%emt 0:04:28]} 27. Bf1 {[%emt 0:01:51]} Kf8 {[%emt 0:10:32]} 28. a5 {[%emt 0:03:19]} bxa5 {[%emt 0:01:08]} 29. bxa5 {[%emt 0:00:42]} Nd5 {[%emt 0:03:34]} 30. c4 {[%emt 0:00:43]} Nb4 {[%emt 0:01:26]} 31. Be2 {[%emt 0:00:48]} Ke7 {[%emt 0:02:26]} 32. Kg1 {[%emt 0:00:39]} Rc7 {[%emt 0:04:20]} 33. Nd4 {[%emt 0:01:34]} Nc6 {[%emt 0:02:32]} 34. Nxc6+ {[%emt 0:00:40]} Rxc6 {[%emt 0:00:01]} 35. f3 {[%emt 0:00:45]} Rc5 {[%emt 0:01:00]} 36. Ra1 {[%emt 0:00:02]} e5 {[%emt 0:00:24]} 37. Kf2 {[%emt 0:00:12]} Be6 {[%emt 0:00:10]} 38. Ke3 {[%emt 0:01:03]} Kd6 {[%emt 0:06:16]} 39. Ra4 Bd7 40. Ke4 1/2-1/2

[Event "2nd Stars Cup 2017"]
[Site "Anzali"]
[Date "2017.07.13"]
[Round "2"]
[White "Safarli, Eltaj"]
[Black "Firouzja, Alireza"]
[Result "1/2-1/2"]
[WhiteElo "2641"]
[BlackElo "2499"]
[Annotator "TA"]
[PlyCount "112"]
[EventDate "2017.??.??"]
[EventType "schev"]
[EventCountry "IRI"]
[SourceTitle "playchess.com"]
[Source "ChessBase"]
[SourceQuality "1"]

{[%evp 16,112,0,1,27,0,0,0,0,0,0,0,0,0,11,0,16,12,22,17,16,0,32,0,0,0,0,7,0,0,0,4,11,0,5,0,0,0,0,0,0,0,19,19,19,19,19,19,17,14,20,0,0,0,0,0,0,0,0,0,0,0,8,0,0,0,0,0,0,0,0,0,0,0,0,0,0,0,0,0,0,0,0,0,0,0,0,0,0,0,0,0,0,0,0,0,0,0,29983]} 1. e4 c5 2. Nf3 d6 3. Bb5+ Nd7 4. d4 cxd4 5. Qxd4 a6 6. Bxd7+ Bxd7 7. Bg5 {B51: Sicilian: Moscow Variation (3 Bb5+) without 3...Bd7} h6 8. Bh4 Rc8 9. Nc3 {LiveBook: 60 Games. White wants to play e5.} Qc7 $146 ({Predecessor:} 9... e5 10. Qd3 g5 11. Bg3 Nf6 12. O-O-O Qa5 13. Rhe1 Be7 14. Kb1 O-O 15. h4 {½-½ (53) David,A (2571)-Duda,J (2666) Drancy 2016}) 10. Nd5 Qc5 11. Nb6 e5 12. Qxc5 Rxc5 13. Nxd7 Kxd7 14. O-O-O Ke6 15. Ne1 Be7 16. Bg3 Nf6 17. f3 Rhc8 18. c3 b5 19. Nc2 d5 {The position is equal.} 20. exd5+ Rxd5 21. Rhe1 Rxd1+ 22. Kxd1 Nd7 23. f4 Bd6 24. fxe5 Bxe5 25. a4 bxa4 26. Re4 f5 27. Rxa4 Nc5 28. Ra2 Rd8+ 29. Ke2 f4 30. Bf2 Nb3 31. Rxa6+ Kf5 {[#] White must now prevent ...Rd2+.} 32. Be1 Nc1+ 33. Kf1 Nd3 34. Ra5 Ke4 35. Ra4+ Kf5 36. Ra5 Ke4 37. Nb4 Nxb4 38. Ra4 Rb8 39. Ke2 g5 40. Rxb4+ Rxb4 41. cxb4 Bxb2 $11 {[%mdl 4096] Endgame KB-KB} 42. b5 {[%cal Bb4b5,Bb5b6,Bb6b7][%mdl 32]} g4 43. b6 Be5 44. b7 Kd5 45. Kd3 (45. Bc3 $5 Bb8 46. h3 $11) 45... Bb8 46. g3 {[#] gxf4 is the strong threat.} f3 47. Bd2 {Hoping for Bf4.} Kc6 {White should prevent ...h5.} 48. Bxh6 Kxb7 49. Be3 Ba7 50. Bxa7 Kxa7 {KPP-KPP} 51. Ke3 Kb6 52. h4 {White wants to mate with Kf2.} gxh3 {( -> ...h2)} 53. Kxf3 Kc6 54. g4 Kd6 (54... h2 $5 55. Kg2 $8 Kd5 $11) 55. Kg3 Ke5 56. Kxh3 {aiming for Kh4.} Kd5 $4 {[%mdl 40960] Precision: White = 76%, Black = 75%. . An unexpected result.} (56... Kf6 $11) 1/2-1/2